<?xml version='1.0' encoding='UTF-8'?>
  <record xmlns="http://www.loc.gov/MARC21/slim">
    <leader>00000cam a22000007i 4500</leader>
    <controlfield tag="001">ocm69434890</controlfield>
    <controlfield tag="003">OCoLC</controlfield>
    <controlfield tag="005">20260118132929.6</controlfield>
    <controlfield tag="008">940420s1577    gw            000 0 lat d</controlfield>
    <datafield tag="040" ind1=" " ind2=" ">
      <subfield code="a">NLGGC</subfield>
      <subfield code="b">dut</subfield>
      <subfield code="e">fobidrtb</subfield>
      <subfield code="c">NLGGC</subfield>
      <subfield code="d">QGJ</subfield>
      <subfield code="d">OCLCA</subfield>
      <subfield code="d">OCLCO</subfield>
      <subfield code="d">OCLCA</subfield>
      <subfield code="d">OCLCQ</subfield>
      <subfield code="d">OCLCL</subfield>
      <subfield code="d">OCLCQ</subfield>
    </datafield>
    <datafield tag="029" ind1="0" ind2=" ">
      <subfield code="a">NLGGC</subfield>
      <subfield code="b">117779113</subfield>
    </datafield>
    <datafield tag="035" ind1=" " ind2=" ">
      <subfield code="a">(OCoLC)69434890</subfield>
    </datafield>
    <datafield tag="082" ind1="0" ind2="4">
      <subfield code="a">320.1</subfield>
      <subfield code="q">OCoLC</subfield>
      <subfield code="1">https://id.oclc.org/worldcat/ddc/E46Tpyq3W8WgB6tMYwT6CjBjQk</subfield>
    </datafield>
    <datafield tag="245" ind1="0" ind2="0">
      <subfield code="a">Aulica vita, et opposita huic vita privata :</subfield>
      <subfield code="b">a diversis tum veteribus tum recentioribus autoribus luculenter descripta ... /</subfield>
      <subfield code="c">cum indice locupletissimo ; nunc primum in hoc enchiridion collecta, atque in lucem edita ab Henrico Petreo.</subfield>
    </datafield>
    <datafield tag="260" ind1=" " ind2=" ">
      <subfield code="a">Francofurti ad Moenum :</subfield>
      <subfield code="b">apud Joannem Feyrabendt [etc.],</subfield>
      <subfield code="c">Anno M.D.LXXVII. [1577]</subfield>
    </datafield>
    <datafield tag="300" ind1=" " ind2=" ">
      <subfield code="a">[12], 164, [4] fol. ;</subfield>
      <subfield code="c">in-8 (16 cm)</subfield>
    </datafield>
    <datafield tag="336" ind1=" " ind2=" ">
      <subfield code="a">tekst</subfield>
      <subfield code="b">txt</subfield>
      <subfield code="2">rdacontent/dut</subfield>
    </datafield>
    <datafield tag="337" ind1=" " ind2=" ">
      <subfield code="a">zonder medium</subfield>
      <subfield code="b">n</subfield>
      <subfield code="2">rdamedia/dut</subfield>
    </datafield>
    <datafield tag="338" ind1=" " ind2=" ">
      <subfield code="a">band</subfield>
      <subfield code="b">nc</subfield>
      <subfield code="2">rdacarrier/dut</subfield>
    </datafield>
    <datafield tag="340" ind1=" " ind2=" ">
      <subfield code="m">8vo</subfield>
      <subfield code="2">rdabf</subfield>
    </datafield>
    <datafield tag="500" ind1=" " ind2=" ">
      <subfield code="a">De vita privata met eigen titelblad o.d.t. De vita privata, mediocri, et tranquilla, vitae aulicae opposita.</subfield>
    </datafield>
    <datafield tag="500" ind1=" " ind2=" ">
      <subfield code="a">Bevat ondermeer: Aeneae Sylvii De miseriis curialium epistola. Ulrici Hutteni Dialogus de vita aulica. Luciani Samosatensis Declamatio de iis, qui mercede conducti in aulis seu divitium familiis vivunt Eras. Rot. interprete. Erasmi Roterodami Praecepta aulica, ex encomio morias, &amp; epistolis. Conradi Heresbachii ex libro De educandis erudiendisque principum liberis, admonitio. Henrici Cornelii Agrippae ab Nettesheim Oeconomia aulica, ex libro De incertitudine &amp; vanitate scientiarum.</subfield>
    </datafield>
    <datafield tag="500" ind1=" " ind2=" ">
      <subfield code="a">Impressum: Francofurti ad Moenum. Anno M.D.LXXVII.</subfield>
    </datafield>
    <datafield tag="500" ind1=" " ind2=" ">
      <subfield code="a">Colofon: impressvm Francofvrti ad Moenum, apud Ioannem Feyerabendt, expensis Sigismundi Feyerabendts.</subfield>
    </datafield>
    <datafield tag="500" ind1=" " ind2=" ">
      <subfield code="a">Collatieformule: )(⁸ [kruis]⁴ A-S⁸ ([kruis]4 blanco)</subfield>
    </datafield>
    <datafield tag="510" ind1="4" ind2=" ">
      <subfield code="a">Verzeichnis der im deutschen Sprachbereich erschienenen Drucke des XVI. Jahrhunderts (VD 16),</subfield>
      <subfield code="c">P 1749</subfield>
    </datafield>
    <datafield tag="700" ind1="1" ind2=" ">
      <subfield code="a">Petreus, Heinrich,</subfield>
      <subfield code="d">1546-1615</subfield>
    </datafield>
    <datafield tag="700" ind1="1" ind2=" ">
      <subfield code="a">Piccolomini, Enea Silvio,</subfield>
      <subfield code="d">1405-1464.</subfield>
      <subfield code="1">https://id.oclc.org/worldcat/entity/E39PBJvXm7CM6qRPYXh7cJCYT3</subfield>
    </datafield>
    <datafield tag="700" ind1="1" ind2=" ">
      <subfield code="a">Hutten, Ulrich von,</subfield>
      <subfield code="d">1488-1523.</subfield>
      <subfield code="1">https://id.oclc.org/worldcat/entity/E39PBJrCdD9YT8RrY6WK3cR7pP</subfield>
    </datafield>
    <datafield tag="700" ind1="0" ind2=" ">
      <subfield code="a">Lucianus,</subfield>
      <subfield code="c">Samosatenus,</subfield>
      <subfield code="d">ca. 120-ca. 180.</subfield>
      <subfield code="1">https://id.oclc.org/worldcat/entity/E39PCjrpyXktG74HdrMxQkRpCP</subfield>
    </datafield>
    <datafield tag="700" ind1="1" ind2=" ">
      <subfield code="a">Heresbach, Conrad,</subfield>
      <subfield code="d">1496-1576.</subfield>
      <subfield code="1">https://id.oclc.org/worldcat/entity/E39PBJyCJp48Yvhpc9JwCkTJXd</subfield>
    </datafield>
    <datafield tag="700" ind1="1" ind2=" ">
      <subfield code="a">Erasmus, Desiderius,</subfield>
      <subfield code="d">1467/69-1536.</subfield>
      <subfield code="1">https://id.oclc.org/worldcat/entity/E39PBJwHfjfbWJYxDvw6tXDXh3</subfield>
    </datafield>
    <datafield tag="700" ind1="1" ind2=" ">
      <subfield code="a">Agrippa, Henricus Cornelius,</subfield>
      <subfield code="d">1486-1535.</subfield>
      <subfield code="1">https://id.oclc.org/worldcat/entity/E39PBJwX7rbyPy6dtGXmHjCxXd</subfield>
    </datafield>
    <datafield tag="700" ind1="1" ind2=" ">
      <subfield code="a">Fichard, Johann,</subfield>
      <subfield code="d">1512-1581.</subfield>
      <subfield code="4">dte</subfield>
      <subfield code="1">https://id.oclc.org/worldcat/entity/E39PBJdh667CdtFwGDXGFp7T73</subfield>
    </datafield>
    <datafield tag="700" ind1="1" ind2=" ">
      <subfield code="a">Hutten, Bernhard von.</subfield>
      <subfield code="4">dte</subfield>
    </datafield>
    <datafield tag="700" ind1="1" ind2=" ">
      <subfield code="a">Hutten, Georg Ludwig von.</subfield>
      <subfield code="4">dte</subfield>
    </datafield>
    <datafield tag="700" ind1="1" ind2=" ">
      <subfield code="a">Ridesell, Adolphus Hermannus</subfield>
      <subfield code="4">dte</subfield>
    </datafield>
    <datafield tag="710" ind1="0" ind2=" ">
      <subfield code="a">Feyerabend, Johann (Frankfort a. M.)</subfield>
      <subfield code="4">prt</subfield>
      <subfield code="0">(NL-LeOCL)077154274</subfield>
    </datafield>
    <datafield tag="710" ind1="0" ind2=" ">
      <subfield code="a">Feyerabend, Sigmund (Frankfort am Main)</subfield>
      <subfield code="4">prt</subfield>
      <subfield code="0">(NL-LeOCL)077154258</subfield>
    </datafield>
    <datafield tag="740" ind1="0" ind2=" ">
      <subfield code="a">De vita privata, mediocri, et tranquilla, vitae aulicae opposita</subfield>
    </datafield>
    <datafield tag="740" ind1="0" ind2=" ">
      <subfield code="a">De miseriis curialium epistola.</subfield>
    </datafield>
    <datafield tag="740" ind1="0" ind2=" ">
      <subfield code="a">Dialogus de vita aulica.</subfield>
    </datafield>
    <datafield tag="740" ind1="0" ind2=" ">
      <subfield code="a">Declamatio de iis, qui mercede conducti in aulis seu divitum familiis vivunt</subfield>
    </datafield>
    <datafield tag="758" ind1=" " ind2=" ">
      <subfield code="a">Aulica vita, et opposita huic vita priuata (Text)</subfield>
      <subfield code="1">https://id.oclc.org/worldcat/entity/E39PCGQwqBDqFBdGhMCj884DYK</subfield>
      <subfield code="4">https://id.oclc.org/worldcat/ontology/hasWork</subfield>
    </datafield>
    <datafield tag="936" ind1=" " ind2=" ">
      <subfield code="a">BATCHLOAD</subfield>
    </datafield>
  </record>